000 01224nam a22002657a 4500
005 20240530110404.0
008 150129s2012 ua kd g b 000 0 ara d
017 _a2012/2936
_bمصر . دار الكتب المصرية
020 _a9789772736383
040 _aEG-CaGPL
041 0 _aara
082 0 4 _221
_a020\
_bا م
100 0 _aالاء جعفر الصادق محمد الطيب
245 1 2 _aالمكتبة فى جيلها الثانى = Library 2.0 :
_bالفلسفة - النشاة - المفهوم - البيئة /
_cاعداد الاء جعفر الصادق محمد الطيب ؛ تقديم غادة عبدالمنعم موسى
260 _aالاسكندرية :
_bدار المعرفة الجامعية ،
_c2012
300 _a278 ص :
_bايض ؛
_c24 سم
490 _aسلسلة المكتبات فى اجيالها الجديدة ؛
_v1
504 _aيشتمل على ارجاعات ببليوجرافية
650 0 4 _aالمكتبات
_xعلم
650 0 4 _aالمكتبات
_xالجيل الثانى
650 0 4 _aالمكتبات
_xتنظيم و ادارة
700 0 _aغادة عبدالمنعم موسى
_eمقدم
942 _2ddc
_cBK
999 _c60324
_d60324